000 00378nam a22001577a 4500
003 SGT
020 _a9789352709793
082 _a618.92
_bI24V
100 _aVERMA, ANOOP,ed.
245 _aIAP TEXT BOOK OF PEDIATRIC NEUROLOGY
260 _aNEW DELHI
_bJAYPEE BRO.PUB.
_c2024
300 _a576
650 _aPEDIATRICS
653 _aIAP, PEDIATRIC, NEUROLOGY
942 _2ddc
_cBK
999 _c34737
_d34737